000 00960nam a2200241Ia 4500
003 Ost
005 20260507075657.0
008 260507s9999||||xx |||||||||||||| ||und||
040 _cfsecg
041 _aara
082 _a3
100 _aالصيرفي، محمد
_eمؤلف
245 0 _aتحليل وتصميم النظم /
_c محمد الصيرفي
260 _aالاسكندرية:
_bمؤسسة حورس الدولية,
_c2005
300 _a219 صفحة؛
_bإيضاحات ؛
_c24 سم
490 _aسلسلة كتب المعارف
504 _aالمراجع ص.215
520 _aنظم المعلومات المحسوبة، تحليل نظم المعلومات، تصميم نظام المعلومات تطبيق واختبار نظام المعلومات.
653 _aتحليل النظم
653 _aتكنولوجيا المعلومات
653 _aنظم المعلومات- المؤسسة الممتدة
942 _cكتاب
999 _c45735
_d45735